00760cam a2200217Mi 4500020002100000020002400021020001800045020001500063040001000078082002600088110004100114245008200155246003400237260008000271300003200351500005900383650002500442650002800467650002800495650001900523 a9211263409 (pbk) a9789211263404 (pbk) a9789211263688 a9211263689 cNLGGC a338 UNI 2014 A077 Or.2 aUnited Nations Development Programme10aSustaining human progress :breducing vulnerabilities and building resilience3 aHuman development report 2014 aNew York :bUnited Nations ;aLondon :b[Eurospan [distributor],ccop. 2014 aix, 225 p. :bill. ;c28 cm aPublished for the United Nations Development Programme 0aEconomic development 0aSustainable development 0aSustainable development 0aSocial justice